000 00379nam a22001697a 4500
003 MPLRDC
005 20220104123747.0
008 210129b ||||| |||| 00| 0 eng d
082 _a414.8 WHTS
100 _a不详
245 _a百病验方
_c
250 _a一版
260 _a
_b文化图书公司
_c1960
300 _b
650 _a医话
942 _cBK
_o414.8 WHTS
999 _c13979
_d13969